BIBLIOTHÈQUE DE LA MAISON DU MEXIQUE

Logo 1 Logo 2

Identidad en el imaginario nacional (notice nᵒ 6590)

détails MARC
000 -Sello discográfico
campo de control de longitud fija 01404nam a2200337 4500
005 - Identificación de versión
campo de control 20251016084706.0
010 ## - Número Estándar Internacional de Libros (ISBN)
Número (ISBN) 968-863-234-1
099 ## - fechas locales
Tipo de ítem Koha LIBRO
100 ## - Datos de procesamiento general
Datos de procesamiento general 20230703d1998 m y1spay5003 ba
105 ## - Campo de datos codificados: Material textual, monográfico
Datos codificados de monografía a 001zy
200 1# - Título y mención de responsabilidad
Título propio Identidad en el imaginario nacional
Designación general del material texto impreso
Otra información del título reescritura y enseñanza de la historia
Primer mención de responsabilidad Coordinación Javier Pérez Siller, Verena Radkau García
210 ## - Publicación, distribución, etc.
Lugar de publicación, distribución, etc. México
Nombre del editor, distribuidor, etc. Universidad Autónoma de Puebla, Instituto de Ciencias Sociales y Humanidades
-- El Colegio de San Luis
-- Instituto Georg-Eckert
Fecha de publicación, distribución, etc. 1998
215 ## - Descripción física
Designación de material específico y extensión del ítem 517 p
Otras características físicas il.
Dimensiones 21 cm
300 ## - Notas generales
Texto de la nota Incluye bibliografía
345 ## - Nota de información de adquisición
Fuente de adquisición/dirección de la suscripción [OBSOLETO] Donación Claude Bataillon
606 ## - Término temático usado como materia
Elemento de entrada Caractéristicas nacionales hispanoamericanas
Número Koha 10966
607 ## - Nombre geográfico utilizado como tema
Elemento de entrada Hispanoamérica
Subdivisión temática Historia
-- Estudio y enseñanza
Número Koha 12508
607 ## - Nombre geográfico utilizado como tema
Elemento de entrada Hispanoamérica
Subdivisión temática Historiografía
Número Koha 9555
607 ## - Nombre geográfico utilizado como tema
Elemento de entrada México
Subdivisión temática Historia
-- Estudio y enseñanza
Número Koha 12509
607 ## - Nombre geográfico utilizado como tema
Elemento de entrada México
Subdivisión temática Historiografía
Número Koha 1657
660 ## - Código de área geográfica
Código MX
702 ## - Nombre personal - Responsabilidad secundaria
Elemento de entrada Pérez Siller
Parte del nombre distinta del elemento de entrada Javier
Fechas 1955-
Número Koha 1065
702 ## - Nombre personal - Responsabilidad secundaria
Elemento de entrada Radkau García
Parte del nombre distinta del elemento de entrada Verena
Fechas 1946-
Número Koha 12510
801 #0 - Fuente de origen
País FR
Agencia cm
Reglas de catalogación (convenciones descriptivas) AFNOR
900 ## -
-- 1/22155
900 ## -
-- 7100417642\080104
942 ## - ELEMENTOS DE ENTRADA SECUNDARIOS (KOHA)
Tipo de ítem Koha Livre
996 ## -
-- MEX
-- 751145101
-- MMAG
-- 008146
-- 918 ID19
-- 20230703LIV
Exemplaires
Estatus retirado Estado de daño Estado de pérdida Fecha de adquisición Biblioteca de origen Biblioteca actual Ubicación en estantería Código de barras Precio de reemplazo Signatura topográfica completa No para préstamo Tipo de ítem Koha Nota pública Nota no pública
      05/08/2025 Casa México Paris Casa México Paris   008146 05/08/2025 918 ID19   Livre 20230703LIV 751145101